Truyện ngắn Việt Nam 1945-1985

Gorde:
Xehetasun bibliografikoak
Beste egile batzuk: Nguyễn Đức Nam (chủ biên), Nguyễn Thành Long Nguyễn Đăng Mạnh Nguyễn Nghiệp. Vương Trí Nhàn Đỗ Quang Lưu (tuyển chọn và chú giải)
Formatua: Liburua
Argitaratua: H. Giaó dục 1985
Etiketak: Etiketa erantsi
Etiketarik gabe, Izan zaitez lehena erregistro honi etiketa jartzen!
Thư viện lưu trữ: Mạng thư viện Đại học Đà Nẵng
LEADER 01134nam a2200277 4500
001 000014516
003 10883
005 20120507150517.0
008 120507s1985 sd
041 0 |a 13600 
082 |a 895.922334  |b Tru 
245 0 |a Truyện ngắn Việt Nam 1945-1985  |c Nguyễn Đức Nam; Nguyễn Thành Long; Nguyễn Đăng Mạnh; Vương Trí Nhàn; Đỗ Quang Lưu; Nguyễn Nghiệp. 
260 |a H.  |b Giaó dục  |c 1985 
300 |a 538 tr.  |c 21cm 
700 |a Nguyễn Đức Nam  |e chủ biên 
700 |a Nguyễn Thành Long  |a Nguyễn Đăng Mạnh  |a Nguyễn Nghiệp.  |a Vương Trí Nhàn  |a Đỗ Quang Lưu  |e tuyển chọn và chú giải 
OWN |a LSP 
AVA |a UDN50  |b LSP  |d 895.922334 Tru  |e available  |t Error 5001 Not defined in file expand_doc_bib_avail.  |f 2  |g 0  |h N  |i 0  |k 1 
999 |a From the UDN01 
AVA |a UDN50  |b LSP  |d 895.922334 Tru  |e available  |t Error 5001 Not defined in file expand_doc_bib_avail.  |f 2  |g 0  |h N  |i 0  |k 1 
TYP |a Monograph 
TYP |a Printed language 
980 |a Mạng thư viện Đại học Đà Nẵng